000 00919nam a2200217 a 4500
001 57790
005 20180714054127.0
008 140415s1990 mx 000 0 spa d
020 _a9682927382
041 _aspa
082 _a325.2720973
_bURI
100 1 _aURIBE SALAS, JOSE ALFREDO
245 1 0 _aEMIGRANTES DEL OESTE
250 _a1a ed.
260 _aMEXICO :
_bCONSEJO NACIONAL PARA LA CULTURA Y LAS ARTES,
_c1990
300 _a374
_c18.5 x 1 x 21
490 _aREGIONES
520 _aLOS EMIGRANTES DEL OESTE MEXICANO NOS SON FAMILIARES DESDE HACE MAS DE CIEN AÑOS . FORMAN ESTA OBRA ENSAYOS HISTORICOS Y UNA TREINTENA DE DOCUMENTOS DE DIVERSA PROCEDENCIA QUE, EN CONJUNTO, OFRECEN UN TESTIMONIO CONTEMPORANEO DE ESA MIGRACION, NO AYUNA DE SACRIFICIOS Y PENARES.
650 1 4 _aEMPLEOS
_xESTADOS UNIDOS
_xESTADOS UNIDOS
_xEMIGRACION
_xINMIGRACION
700 1 _aOCHOA SERRANO, ALVARO
_ecoaut.
999 _c57790
_d57790